| 000 | 01236cam a22002893a 4500 | ||
|---|---|---|---|
| 001 | 27977 | ||
| 003 | PGUSA | ||
| 005 | 20140828083614.0 | ||
| 008 | 090203s2009||||xxu|||||s|||||000 | eng d | ||
| 040 |
_aPGUSA _beng |
||
| 042 | _adc | ||
| 050 | 4 | _aPE | |
| 100 | 1 |
_aMorris, Edward Ellis, _d1843-1901 |
|
| 245 | 1 | 0 |
_aAustral English : _bA dictionary of Australasian words, phrases and usages with those aboriginal-Australian and Maori words which have become incorporated in the language, and the commoner scientific words that have had their origin in Australasia _h[electronic resource] / _cEdward Ellis Morris |
| 260 |
_bProject Gutenberg, _c2009 |
||
| 506 | _aPublic domain in the USA. | ||
| 516 | _aElectronic text | ||
| 653 | _aEnglish language -- Foreign words and phrases -- Maori | ||
| 653 | _aEnglish language -- Australasia -- Dictionaries | ||
| 653 | _aMaori language -- Influence on English -- Dictionaries | ||
| 653 | _aAustralian languages -- Influence on English -- Dictionaries | ||
| 653 | _aEnglish language -- New Zealand -- Dictionaries | ||
| 653 | _aEnglish language -- Australia -- Dictionaries | ||
| 830 | 0 |
_aProject Gutenberg _v27977 |
|
| 856 | 4 | 0 | _uhttp://www.gutenberg.org/ebooks/27977 |
| 942 | _cEB | ||
| 999 |
_c257232 _d257232 |
||